Fundamentals of investment management

Saved in:
Bibliographic Details
Main Author: Hirt, Geoffrey A.
Format: Book
Language:English
Published: Boston : McGraw-Hill/Irwin, 2008.
Subjects:
Tags: Add Tag
No Tags, Be the first to tag this record!
LEADER 00820cam a22002297a 4500
001 (Sirsi) a70702
005 20190330152956.0
008 181222n2008 xx |||||||||||000|0|eng|d
020 |a 9780071283762 
040 |a SMLIBRARY  |b eng  |c SMLIBRARY  |e AACR2 
100 1 |a Hirt, Geoffrey A. 
245 1 |a Fundamentals of investment management 
260 |a Boston :   |b McGraw-Hill/Irwin,   |c 2008. 
300 |a XXVIII, 640 p. ;   |c 29 cm 
650 |a Investment analysis 
650 |a Investments 
650 |a United States 
903 |a SMLNEWITEM 
904 |a 1 
942 |2 ddc  |c REF-BOOK 
952 |0 0  |1 0  |2 ddc  |4 0  |6 R_332_600000000000000_H671  |7 0  |8 ADULT | ANFIC | DONATED  |9 26791  |a SMLIBRARY  |b SMLIBRARY  |c R-ADULT  |d 2018-12-22  |g 20.00  |l 0  |o R 332.6 H671  |p BK10063222E  |r 2019-03-30 00:00:00  |t 1  |v 20.00  |w 2019-06-25  |y REF-BOOK 
999 |c 22593  |d 22593